Zgadnij państwo po daniu narodowym - Statystyki

Ogólne statystyki
  • Ten quiz został rozwiązany 59 razy
  • Średni wynik to 5 z 15
Statystyki odpowiedzi
Danie narodowe Państwo % Poprawnych
Bigos Polska
100%
Kebab Turcja
98%
Chaczapuri Gruzja
60%
Mole poblano Meksyk
57%
Pho Wietnam
55%
Bacalhau Portugalia
36%
Pastel de choclo Chile
23%
Mamałyga Rumunia
23%
Hangi Nowa Zelandia
13%
Thieboudienne Senegal
11%
Sill och potatis Szwecja
11%
Larb Laos
9%
Chivito Urugwaj
9%
Matoke Uganda
2%
Pepper Pot Gujana
0%
Nie znaleziono quizów pasujących do podanych kryteriów
Rozkład punktacji
Procent ludzi z każdym wynikiem
Percentyl według liczby udzielonych odpowiedzi
Twoja historia wyników
Nie rozwiązałeś tego quizu